Life & Legend of Bhagat Singh: (Record no. 199341)
[ view plain ]
| 000 -LEADER | |
|---|---|
| fixed length control field | 00659nam a22001817a 4500 |
| 005 - DATE AND TIME OF LATEST TRANSACTION | |
| control field | 20231130152234.0 |
| 010 ## - LCCN (DPL NO) | |
| LC control number | ENG-138498 |
| 020 ## - INTERNATIONAL STANDARD BOOK NUMBER | |
| International Standard Book Number | 9789354096723 |
| Terms of availability | 705.00 |
| 035 ## - SYSTEM CONTROL NUMBER | |
| System control number | EN-122030 |
| 037 ## - SOURCE OF ACQUISITION | |
| Source of stock number/acquisition | DBAD/PUB |
| 082 ## - DEWEY DECIMAL CLASSIFICATION NUMBER | |
| Classification number | 920 |
| 100 ## - MAIN ENTRY--PERSONAL NAME | |
| Personal name | Chaman Lal |
| 245 ## - TITLE STATEMENT | |
| Title | Life & Legend of Bhagat Singh: |
| Remainder of title | A Pictorial Volume/ |
| Statement of responsibility, etc | by Chaman Lal [and]Edited by Pankhuri Awasthi |
| 260 ## - PUBLICATION, DISTRIBUTION, ETC. (IMPRINT) | |
| Place of publication, distribution, etc | New Delhi |
| Name of publisher, distributor, etc | Publications Division ,Ministry of Infomation and Broadcasting Government of India |
| Date of publication, distribution, etc | 2022 |
| 270 ## - ADDRESS | |
| City | New Delhi |
| Address | Soochna Bhawan, C.G.O. Complex, Lodhi Road |
| Postal code | 110003 |
| 300 ## - PHYSICAL DESCRIPTION | |
| Extent | 212p |
| Other physical details | ill. |
| Dimensions | 28cm(pbk) |
| 942 ## - ADDED ENTRY ELEMENTS (KOHA) | |
| Source of classification or shelving scheme | Dewey Decimal Classification |
| Item type | Reference Books |
| Classification part | 920 |
| Call number suffix | CHA |
| Withdrawn status | Lost status | Not for loan | Collection code | Home library | Current library | Date acquired | Source of acquisition | Cost, normal purchase price | Full call number | Barcode | Copy number | Cost, replacement price | Koha item type |
|---|---|---|---|---|---|---|---|---|---|---|---|---|---|
| Non-fiction | Vinoba Puri | Vinoba Puri | 30/11/2023 | DBAD/PUB | 705.00 | 920 CHA | EN-122030 | 1 | 705.00 | English Books |
